000 00261nam a22001217a 4500
008 181217b xxu||||| |||| 00| 0 eng d
041 _aeng
080 _a038
100 _a23
101 _aFJA
245 _aDictionary of Mythology
_cEvans, B
942 _2udc
_cBK
999 _c53264
_d53264